Central Library OPAC University of Rajshahi

Education in Great Britain / (Record no. 43904)

MARC details
000 -LEADER
fixed length control field 00849nam a2200265 a 4500
001 - CONTROL NUMBER
control field 43904
003 - CONTROL NUMBER IDENTIFIER
rucl marc code BD-RjUL
005 - DATE AND TIME OF LATEST TRANSACTION
control field 20211209053753.0
008 - FIXED-LENGTH DATA ELEMENTS--GENERAL INFORMATION
fixed length control field 160629s19641949enk 001 0 eng d
035 ## - SYSTEM CONTROL NUMBER
System control number (BD-RjUL)44022
040 ## - CATALOGING SOURCE
Original cataloging agency VCAV
Language of cataloging eng
Transcribing agency VCAV
Modifying agency XNTU
-- BD-RjUL
041 ## - LANGUAGE CODE
Language code of text/sound track or separate title eng
082 04 - DEWEY DECIMAL CLASSIFICATION NUMBER
Classification number 370.942
Edition number 23
Author mark and year SME 1964
100 10 - MAIN ENTRY--PERSONAL NAME
Personal name Smith, W. O. Lester
Fuller form of name (William Owen Lester),
Dates associated with a name 1888-
9 (RLIN) 133285
245 10 - TITLE STATEMENT
Title Education in Great Britain /
Statement of responsibility, etc. W. O. Lester Smith
250 ## - EDITION STATEMENT
Edition statement 4th ed.
260 ## - PUBLICATION, DISTRIBUTION, ETC. (IMPRINT)
Place of publication, distribution, etc. London :
-- New York :
Name of publisher, distributor, etc. Oxford University Press,
Date of publication, distribution, etc. c1964
300 ## - PHYSICAL DESCRIPTION
Pagination 220 p. ;
Size 17 cm.
500 ## - GENERAL NOTE
General note Include index
650 #0 - SUBJECT ADDED ENTRY--TOPICAL TERM
Topical term or geographic name as entry element Education
Geographic subdivision Great Britain.
9 (RLIN) 134895
856 ## - ELECTRONIC LOCATION AND ACCESS
Materials specified Home university library of modern knowledge
Uniform Resource Identifier <a href="210">210</a>
942 ## - ADDED ENTRY ELEMENTS (KOHA)
Source of classification or shelving scheme Dewey Decimal Classification
Koha item type Books
Holdings
Lost status Source of classification or shelving scheme Damaged status Not for loan Collection code Permanent Location Current Location Shelving location Date acquired Source of acquisition Cost, normal purchase price Total Checkouts Full call number Date last seen Copy number Koha item type
  Dewey Decimal Classification     Non-fiction Central Library, University of Rajshahi Central Library, University of Rajshahi   10/11/1965 Zeitlinger 10.60   370.942 SME 1964 29/06/2016 C-2 Books